header

User's guide to logic audio 5 (Record no. 65280)

MARC details
000 -LEADER
fixed length control field 01116nam a2200301Ia 4500
100 1# - MAIN ENTRY--AUTHOR NAME
Personal name Bennett, Stephen.
245 10 - TITLE STATEMENT
Title User's guide to logic audio 5
260 ## - PUBLICATION, DISTRIBUTION, ETC. (IMPRINT)
Place of publication Cincinnati, OH :
Name of publisher Muska & Lipman,
Year of publication 2002.
300 ## - PHYSICAL DESCRIPTION
Number of Pages v, 345 p. :
Other physical details ill.
500 ## - GENERAL NOTE
General note Includes index.
650 #0 - SUBJECT ADDED ENTRY--TOPICAL TERM
Topical Term Software sequencers.
Topical Term Computer sound processing.
856 40 - ELECTRONIC LOCATION AND ACCESS
Uniform Resource Identifier http://site.ebrary.com/lib/rucke/Doc?id=10054288

No items available.

© 2026 Rongo University
Contact us: librarian | system librarian | Rongo university